Statistics for Districts of Belize With Map

Click here to take the quiz!

General Stats

  • This quiz has been taken 201 times
  • The average score is 4 of 6

Answer Stats

Districts % Correct
Belize
98%
Orange Walk
69%
Cayo
67%
Toledo
62%
Stann Creek
58%
Corozal
54%

Score Distribution

Percentile by Number Answered

Percent of People with Each Score

Your Score History

You have not taken this quiz